| 000 | 00586nam a22001817a 4500 | ||
|---|---|---|---|
| 999 |
_c185804 _d185804 |
||
| 005 | 20220210111232.0 | ||
| 010 | _aENG-131490 | ||
| 020 |
_a9789386806130 _c1495.00 |
||
| 035 | _aEN-115022 | ||
| 037 | _bDBAD | ||
| 082 | _a709.22 | ||
| 100 | _aRani, Madhu | ||
| 245 |
_aContemporarys Artists and Thinkers/ _cMadhu Rani |
||
| 260 |
_aNew Delhi _bIshwar Books _c2018 |
||
| 270 |
_aB-29, Arya Nagar CGHS Ltd. Plot No. 91, I.P. Extension, Patparganj _bNew Delhi _e110092 _mishwarbooks@gmail.com |
||
| 300 |
_av, 296p. _bIndex _c24cm(hbk) |
||
| 942 |
_2ddc _cEN _h709.22 _mRAN |
||